Využite objektového modelovania v umelej inteligencii bakalárska práca

Salvato in:
Dettagli Bibliografici
Autore principale: Federla, Martin
Ente Autore: Fakulta hospodárskej informatiky EU. Katedra aplikovanej informatiky
Altri autori: Rakovská, Eva, 1963-
Natura: Libro
Lingua:slovacco
Pubblicazione: Bratislava 2012
Tags: Aggiungi Tag
Nessun Tag, puoi essere il primo ad aggiungerne!!

MARC

LEADER 00000nbm a2200000 4500
001 0156292
005 20161109111951.1
041 0 |a slo 
044 |a SK 
245 1 0 |a Využite objektového modelovania v umelej inteligencii  |b bakalárska práca  |c Martin Federla ; školiteľ: Eva Rakovská 
264 1 |a Bratislava  |c 2012 
300 |a 54 s. 
100 1 |a Federla, Martin 
700 1 |a Rakovská, Eva, 1963- 
710 2 |a Fakulta hospodárskej informatiky EU. Katedra aplikovanej informatiky